Normal view
MARC view
- Hamilton, Max,
Entry Personal Name
001 - CONTROL NUMBER
- control field: 5798
003 - CONTROL NUMBER IDENTIFIER
- control field: NUST
005 - DATE AND TIME OF LATEST TRANSACTION
- control field: 20171101103747.0
008 - FIXED-LENGTH DATA ELEMENTS
- fixed length control field: 171101|| aca||aabn | a|a d
040 ## - CATALOGING SOURCE
- Original cataloging agency: NUST
- Transcribing agency: NUST
100 ## - HEADING--PERSONAL NAME
- Personal name: Hamilton, Max,
- Titles and other words associated with a name: M.D.
670 ## - SOURCE DATA FOUND
- Source citation: Work cat.: (NUST)0: Edited by Max Hamilton (Frank James) 5797, Fish's Clinical psychopathology :, 1985.
